000 00792nam a22002417a 4500
003 UA-OsUOA
001 48507
007 ta
008 20130530b un ||||| |||| 00| 0 ukr d
100 _aГайдалемівський П.
090 _a323
_bГ14
942 _cBK
040 _aUA-OsUOA
_bukr
_cUA-OsUOA
_dUA-OsUOA
245 _aУкраїнські політичні партії: їх розвиток і програми
300 _a43 с.
955 _a4
041 _aukr
080 _a323
260 _aЗальцведель
_bНакладом Української Військової Місії
_c1919
650 7 _a32 Політика
_2UDC
999 _c428613
_d428613